Geography Quiz

Random Geography or City Quiz

Top US Cities Containing Each Letter Quiz Stats

Quiz Updated Aug 20, 2012

Challenge
Share
Tweet
Embed
Score 0/130 Timer 10:00
13 Plays Today
% Correct
New York, NY
98.5%
New York, NY
98.5%
New York, NY
98.5%
New York, NY
98.5%
New York, NY
98.5%
New York, NY
98.5%
New York, NY
98.5%
Los Angeles, CA
96.5%
Los Angeles, CA
96.5%
Los Angeles, CA
96.5%
Los Angeles, CA
96.5%
Los Angeles, CA
96.5%
Los Angeles, CA
96.5%
Los Angeles, CA
96.5%
Chicago, IL
94.6%
Chicago, IL
94.6%
Chicago, IL
94.6%
Chicago, IL
94.6%
Chicago, IL
94.6%
Chicago, IL
94.6%
Boston, MA
91.7%
Dallas, TX
91%
Dallas, TX
91%
Dallas, TX
91%
Houston, TX
90%
Houston, TX
90%
Houston, TX
90%
Houston, TX
90%
Houston, TX
90%
Houston, TX
90%
San Francisco, CA
87.6%
San Francisco, CA
87.6%
San Francisco, CA
87.6%
Philadelphia, PA
86.8%
Philadelphia, PA
86.8%
Philadelphia, PA
86.8%
Philadelphia, PA
86.8%
Philadelphia, PA
86.8%
Philadelphia, PA
86.8%
Philadelphia, PA
86.8%
San Diego, CA
84.3%
San Diego, CA
84.3%
San Diego, CA
84.3%
San Diego, CA
84.3%
% Correct
San Diego, CA
84.3%
San Diego, CA
84.3%
Phoenix, AZ
83.8%
Phoenix, AZ
83.8%
Phoenix, AZ
83.8%
Phoenix, AZ
83.8%
Phoenix, AZ
83.8%
Phoenix, AZ
83.8%
Phoenix, AZ
83.8%
Detroit, MI
80.5%
Detroit, MI
80.5%
Jackson, MS
78.1%
Denver, CO
78.1%
Washington, DC
77.8%
Washington, DC
77.8%
Jacksonville, FL
73.7%
Jacksonville, FL
73.7%
Jacksonville, FL
73.7%
Jacksonville, FL
73.7%
Jacksonville, FL
73.7%
San Antonio, TX
72.9%
San Antonio, TX
72.9%
San Antonio, TX
72.9%
San Antonio, TX
72.9%
San Antonio, TX
72.9%
Las Vegas, NV
72.8%
Las Vegas, NV
72.8%
Baltimore, MD
72.7%
Baltimore, MD
72.7%
Austin, TX
72.5%
Austin, TX
72.5%
Kansas City, MO
69.2%
Kansas City, MO
69.2%
Indianapolis, IN
68.4%
Indianapolis, IN
68.4%
Indianapolis, IN
68.4%
Nashville, TN
66.5%
Oklahoma City, OK
64.1%
Oklahoma City, OK
64.1%
Oklahoma City, OK
64.1%
Columbus, OH
64.1%
Columbus, OH
64.1%
Columbus, OH
64.1%
Columbus, OH
64.1%
% Correct
Memphis, TN
62.9%
Memphis, TN
62.9%
Albuquerque, NM
59.5%
San Jose, CA
59.5%
Albuquerque, NM
59.5%
Charlotte, NC
56.5%
Charlotte, NC
56.5%
Charlotte, NC
56.5%
Charlotte, NC
56.5%
Milwaukee, WI
55.5%
Milwaukee, WI
55.5%
Milwaukee, WI
55.5%
Milwaukee, WI
55.5%
Fort Worth, TX
53.4%
Fort Worth, TX
53.4%
Fort Worth, TX
53.4%
Fort Worth, TX
53.4%
Buffalo, NY
52.5%
El Paso, TX
49.1%
Louisville, KY
47.2%
Louisville, KY
47.2%
Fresno, CA
39.6%
Jersey City, NJ
35.2%
Jersey City, NJ
35.2%
Lexington, KY
31.6%
Knoxville, TN
29.2%
Long Beach, CA
24.5%
Wichita, KS
24.1%
Quincy, MA
22.4%
Quincy, IL
22.4%
Bakersfield, CA
20.3%
Fort Wayne, IN
19.9%
Sioux Falls, SD
15.1%
Kalamazoo, MI
10.7%
Elizabeth, NJ
9%
Joliet, IL
9%
Oxnard, CA
8%
Dubuque, IA
7.7%
Santa Cruz, CA
6.6%
Mesquite, TX
5.3%
Bozeman, MT
4.9%
Azusa, CA
3.5%

You're not logged in!

Compare scores with friends on all Sporcle quizzes.
Join for Free
OR
Log In

You Might Also Like...

Show Comments

Extras

Top Quizzes Today


Score Distribution

Your Account Isn't Verified!

In order to create a playlist on Sporcle, you need to verify the email address you used during registration. Go to your Sporcle Settings to finish the process.

Report this User

Report this user for behavior that violates our Community Guidelines.

Details: